000
00320nam a2200133Ia 4500
008
231017s9999 xx 000 0 und d
082
_a
388SOH
082
_b
SOH
245
4
_a
The first national workshop on network simulator NS-2
245
0
_c
"EME, NUST"
260
_b
"EME, NUST"
300
_c
30cm
942
_c
REP
999
_c
605183
_d
605183